000 00510nam a2200169Ia 4500
999 _c35355
_d35355
003 OSt
005 20201217131555.0
008 190216s9999||||xx |||||||||||||| ||und||
040 _coclc
082 _a423
_bHOR/O
100 _aHornby, A S
_97630
245 0 _aOxford Advanced Learners Dictionary Of English /
_cA S Hornby
260 _bEnglish Language Book Society,
_c1987.
_aNew York:
300 _a1576p
650 _aEnglish Dictionary
942 _cREF
_2ddc
_h423
_iHOR/O
_k423
_mHOR/O